Loading...
| History - World | 0 | 4 | 0 | 1 | 40 | 67 | 92.00 | 3 | 4 | 0.00 | 0.00 |
| Religion | 0 | 4 | 0 | 1 | 40 | 53 | 77.25 | 3 | 4 | 0.00 | 0.00 |
| History - American | 0 | 3 | 0 | 1 | 30 | 102 | 118.67 | 1 | 3 | 0.00 | 0.00 |
| Philosophy | 0 | 2 | 0 | 1 | 20 | 96 | 113.00 | 0 | 2 | 0.00 | 0.00 |
| History - Other | 0 | 2 | 0 | 1 | 20 | 131 | 132.00 | 0 | 2 | 0.00 | 0.00 |
| Science - Other | 0 | 2 | 1 | 1 | 15 | 93 | 104.50 | 0 | 2 | 0.00 | 0.00 |
| Science - Biology | 0 | 1 | 0 | 0 | 10 | 50 | 50.00 | 1 | 1 | 0.00 | 0.00 |
| Social Science | 0 | 1 | 0 | 1 | 10 | 117 | 117.00 | 0 | 1 | 0.00 | 0.00 |
| Other | 0 | 1 | 1 | 0 | 5 | 89 | 89.00 | 0 | 1 | 0.00 | 0.00 |
| History - European | 0 | 0 | 0 | 0 | 0 | 0.00 | 0 | 0 | 0.00 | 0.00 |